000
00332nam a2200145Ia 4500
003
OSt
005
20240229155734.0
008
170524s9999 xx 000 0 und d
020
_a
978-8184350043
040
_c
iimtu meerut
100
_a
YADAV- K P
245
0
_a
MEDIA MANAGEMENT
260
_b
ADHYAYAN : NEW DELHI
942
_2
ddc
_c
02
999
_c
9130
_d
9130